000
00230nam a2200097Ia 4500
008
231212s1989 xx 000 0 und d
041
_a
eng
100
_a
Mileaf Harry
245
_a
Electricity Vol I
260
_a
Delhi
_b
Pragati
_c
1989
999
_c
960566
_d
960566